Testes e exercícios 9º ano (Registo nº 997)

Detalhes MARC
000 -Etiqueta do registo
Cabeçalho 01223cl a2200337 i 4500
005 - Identificador da versão
Campo de controlo 20240813121821.0
010 ## - Número internacional normalizado dos livros (ISBN)
Número (ISBN) 9789720640390
021 ## - Número do Depósito Legal
Código do país PT
Número 259451/07
035 ## - Other System Control Numbers
System Control Number 0001062
System Control Number 0001045
100 ## - Dados gerais de processamento
Dados gerais de processamento 20091214 2007 d y0pory5003 ba
102 ## - Pais de publicação ou produção
País de publicação Portugal
101 0# - Língua de publicação
Língua do texto, banda sonora, etc. Português
106 ## - Campo de dados codificados: material textual
Dados codificados do material textual i
215 ## - Descrição física 
Indicação específica da natureza do documento e extensão da espécie 1disco óptico (DVD-ROM) em caixa$ccolor.$d19 x 24 x 3 cm
200 1# - Titulo e menção de responsabilidade
Título próprio Testes e exercícios 9º ano
Indicação geral da natureza do documento Recurso electrónico
225 ## - Colecção 
Título próprio da colecção Escola Virtual
205 ## - Menção da edição
Menção da edição 1ª ed.
210 ## - Publicação, Distribuição, etc. 
Lugar da edição, distribuição, etc. Porto
Nome do editor, distribuidor, etc. Porto Editora Multimedia
Data da publicação, distribuição, etc. 2007
337 ## - Nota relativa a pormenores técnicos (ficheiros de computador) (provisória) 
Texto da nota Requisitos do sistema: Processor a 600 MHz; 256 MB de memória RAM; 260 MB de espaço livre no disco rígido; Leitor de DVD-ROM; Placa de som; Placa gráfica (milhares de cores a 1024x768)
300 ## - Notas gerais 
Texto da nota Contém exercícios pra 7 disciplinas: Matemática, Língua Portuguesa, Ciências da Natureza, Ciências Físico-Químicas, Inglês, História, Geografia
336 ## - Nota relativa ao tipo de ficheiro de computador (provisória) 
Texto da nota Software desenvolvido para Windows XP
304 ## - Notas relativas a título e menção de responsabilidade 
Texto da nota Tít. retirado da etiqueta
675 ## - Classificação Decimal Universal (CDU)
Notação 51(079)
Edição BN
Língua da edição por
942 ## - Elementos de entrada adicionados (Koha)
Tipo de item no Koha Livro
Exemplares
Situação do levantamento Origin of item (home branch) (coded) Biblioteca de empréstimo Código de barras Cota Circulation type (not for loan) Tipo de documento Nota do exemplar Damaged status
  Biblioteca Escolar Eng. Nuno Mergulhão Biblioteca Escolar Eng. Nuno Mergulhão BENM1749 1749 DVDR   CD-ROM Sem mensagem